000 00324nam a22001457a 4500
008 221124b ||||| |||| 00| 0 eng d
020 _a0397547846
041 _aeng
080 _a159.9
082 _a159.9BIR
100 _a25
101 _aPSI
245 _aPSYCHIATRIC MENTAL HEALTH
_cBIRCKHEAD M.L
942 _2udc
_cBK
999 _c59025
_d59025